| 000 | 00860nam a2200229 i 4500 | ||
|---|---|---|---|
| 003 | DO-SdBNP | ||
| 005 | 20230503091515.0 | ||
| 006 | a||||fr|||| 00| 0 | ||
| 007 | ta | ||
| 008 | 230503e2017 rd ad||fr|||| 001 0 spa d | ||
| 040 |
_aDO-SdBNP _bspa _cBNPHU _erda |
||
| 082 | 4 |
_222 _bC748v |
|
| 245 | 1 | 0 |
_aConflictividad y violencia en centros educativos privados: _bindagación sobre las actividades y conductas de acoso en los actores del proceso educativo. / _cLuís Vergé y Marisol Guzmán Cerda |
| 264 | 3 | 0 |
_aSanto Domingo : _bCentro Profesional Psicólogos Unidos Inc., _c2017 |
| 300 |
_a52 páginas : _bilustraciones, gráficas ; _c26 cm. |
||
| 336 |
_2rdaconten _atexto _btxt |
||
| 337 |
_2rdamedia _asin medición _bn |
||
| 338 |
_2rdacarrier _avolumen _bnc |
||
| 504 | _aBibliografía: 52 páginas | ||
| 590 | _aInventariado 2023 / MF | ||
| 942 |
_2ddc _cLBS1 |
||
| 999 |
_c53396 _d53396 |
||